Statistics for NBA Quiz: What Team He Didn't play for?

Click here to take the quiz!

General Stats

  • This quiz has been taken 28 times
  • The average score is 30 of 50

Answer Stats

QuestionAnswer% Correct
Dwyane WadeAtlanta Hawks
100%
Paul MillsapCharlotte Hornets
100%
Charles BarkleyDenver Nuggets
100%
Chris PaulLos Angeles Lakers
100%
Let's Start off Easy, Lebron JamesNew York Knicks
100%
Shaquille O'NealPortland Trail Blazers
100%
Last 3 Easy questions, Carmelo AnthonyBrookyln Nets
93%
Allen IversonMiami Heat
93%
Let's get back on a very easy one, Derrick RoseOklahoma City Thunder
93%
Brook LopezChicago Bulls
89%
Vince CarterDetroit Pistons
85%
Jeremy LinMinnesota Timberwolves
85%
Ben GordonBrooklyn Nets
78%
Trey BurkeSan Antonio Spurs
78%
It's going to be quiter harder from now on, Patrick EwingGolden State Warriors
74%
Dell CurryGolden State Warriors
74%
Tracy McGradyWashington Wizards
74%
Grant HillMiami Heat
70%
Gary PaytonDallas Mavericks
67%
Robin LopezSacramento Kings
67%
Manute BolBoston Celtics
63%
Rasheed WallaceHouston Rockets
63%
Bill WaltonIndiana Pacers
63%
Jermaine O'NealNew Orleans Pelicans
63%
Gilbert ArenasPhiladelphia 76ers
63%
Dominique WilkinsMinnesota Timberwolves
59%
Nazr MohammedBoston Celtics
56%
Steve FrancisLos Angeles Clippers
56%
Al-Farouq AminuPhoenix Suns
56%
Tayshaun PrinceToronto Raptors
52%
Doug ChristieWashington Wizards
52%
Tabo SefoloshaPortland Trail Blazers
48%
Robert ParishLos Angeles Lakers
44%
Tyler HansbroughOklahoma City Thunder
44%
Gerald WallaceIndiana Pacers
41%
Wally SzczerbiakMemphis Grizzlies
41%
Mark AguirreSacramento Kings
41%
Samaki WalkerCharlotte Hornets
37%
DJ MbengaNew Orleans Pelicans
37%
Mike BibbyPhiladelphia 76ers
37%
Jerry LucasBaltimore Bullets
33%
Jimmy JacksonVancouver Grizzlies
33%
Drew GoodenAtlanta Hawks
30%
Isaiah RiderMilwaukee Bucks
30%
Kwame BrownOrlando Magic
30%
Back again to not so easy, Walt BellamyCincinnati Royals
26%
Jamaal TinsleyOrlando Magic
26%
Cuttino MobleyNew York Knicks
22%
Joe Bryant (Yes, Kobe's Father)Portland Trail Blazers
19%
Did I say 3? Nah, 2 easy questions is enough. For the last one, Maybe the hardest of all questions. You probably don't know this guy but give it a try. Jack KerrisToronto Huskies
19%

Score Distribution

Percentile by Number Answered

Percent of People with Each Score

Your Score History

You have not taken this quiz